000 01001cam a2200217 4500
008 020722n2002 000 0 eng u
020 _a0071387129
035 _a(Sirsi) u118963
041 _aeng.
050 _a695
100 _aKennedy, T.
245 _aRoofing instant answers
260 _aNew York
_bMcGraw-Hill
_c2002
300 _aix,500p.
_bill
_c21cm.
350 _a36.99
520 _aA convenient, quick reference tool designed to answer your toughest roofing questions in seconds. Includes: take-off formulas; re-roofing tips and instructions; succinct installation guidelines for every type of roof; and a guide to insurance savings and general production improvement including safety. Contains step-by-step instructions that are broken down by category and clarified with photos, illustrations, calculations and checklists.
650 _aROOFING
650 _aBUILT ENVIRONMENT-BUILDING ELEMENTS-COMPLETE BUILDING ELEMENTS-ROOFS
690 _aBUILT ENVIRONMENT
942 _n0
999 _c102222
_d102222